000 00646cam a22002293a 4500
001 19864
003 PGUSA
005 20140828083424.0
008 061119s2006||||xxu|||||s|||||000 | eng d
040 _aPGUSA
_beng
042 _adc
050 4 _aPF
100 1 _aVeen, Here Gerrits van der,
_d1816-1887
245 1 0 _aClipsrymkes
_h[electronic resource] /
_cHere Gerrits van der Veen
260 _bProject Gutenberg,
_c2006
506 _aPublic domain in the USA.
516 _aElectronic text
653 _aFrisian language -- Texts
830 0 _aProject Gutenberg
_v19864
856 4 0 _uhttp://www.gutenberg.org/ebooks/19864
942 _cEB
999 _c249119
_d249119